Santo Tomás de Aquino / (Record no. 143517)

MARC details
000 -LEADER
campo de control de longitud fija 00691nam a2200193 i 4500
001 - NÚMERO DE CONTROL
campo de control 143517
003 - IDENTIFICADOR DE NÚMERO DE CONTROL
campo de control ES-MaACL
005 - FECHA Y HORA DE LA ÚLTIMA TRANSACCIÓN
campo de control 20250829063125.0
007 - CAMPO FIJO DE DESCRIPCIÓN FÍSICA--INFORMACIÓN GENERAL
campo de control de longitud fija t|
008 - DATOS DE LONGITUD FIJA--INFORMACIÓN GENERAL
campo de control de longitud fija 070214s1946 ag r ||||1| spa d
100 1# - ENTRADA PRINCIPAL--NOMBRE DE PERSONA
Nombre de persona Sertillanges, Antonin-Dalmace,
Fechas asociadas al nombre 1863-1948
9 (RLIN) 105847
245 10 - MENCIÓN DEL TÍTULO
Título Santo Tomás de Aquino /
Mención de responsabilidad, etc. A. D. Sertillanges ; versión castellana de José Luis Izquierdo Hernández.
260 ## - PUBLICACIÓN, DISTRIBUCIÓN, ETC.
Lugar de publicación, distribución, etc. Buenos Aires :
Nombre del editor, distribuidor, etc. Dedebec-Desclée,
Fecha de publicación, distribución, etc. 1946 (
Fabricante Sebastián de Amorrortu)
300 ## - DESCRIPCIÓN FÍSICA
Extensión 2 t. ;
Dimensiones 20 cm.
600 04 - PUNTO DE ACCESO ADICIONAL DE MATERIA--NOMBRE DE PERSONA
Nombre de persona Tomás de Aquino,
Títulos y otros términos asociados al nombre Santo
9 (RLIN) 110514
700 1# - ENTRADA AGREGADA--NOMBRE PERSONAL
Nombre de persona Izquierdo Hernández, José Luis.
9 (RLIN) 65727
852 ## - LOCALIZACIÓN
Ubicación ES-MaACL
Número de control de estantería D-5557-58
Sublocalización o colección R.30703
Holdings
Estatus retirado Estado de pérdida Estado de daño No para préstamo Biblioteca de origen Biblioteca actual Ubicación en estantería Fecha de adquisición Fuente de adquisición Total de préstamos Signatura topográfica completa Código de barras Visto por última vez Precio de reemplazo Tipo de ítem Koha
        Biblioteca del Ateneo de Madrid Biblioteca del Ateneo de Madrid Sala Valle Inclán 17/01/2008     D-5557-58 901149318 23/02/2023 23/02/2023 Libro impreso